000 01080nam a22003737a 4500
001 BR0701367
003 BR-BrBNA
005 20230928102348.0
007 ta
008 230509b bl.||||| |||| 00| 0 por d
040 _aBR-BrBNA
_bpor
_cBiblioteca Nacional de Agricultura
041 _a(Spa, Por)
072 _aP01
090 _ P01 BR0701367
100 1 _aMilano, M.S.(org.)
100 1 _aTakahashi, L.Y.(org.)
100 1 _aNunes, M. de L.(org.)
110 1 _aFundação o Boticário de Proteção à Natureza, Curitiba, PR (Brasil)
245 1 _aUnidades de conservação: atualidades e tendências 2004
260 3 _aCuritiba, PR (Brasil):
_c2004.
300 _a198 p.
500 _aSeveral bibliography
650 _aMEIO AMBIENTE
650 _aPRESERVAÇÃO DA NATUREZA
650 _aPARQUE NACIONAL
650 _aRECURSO NATURAL
650 _aBIODIVERSIDADE
650 _aDESMATAMENTO
650 _aANÁLISE
650 _aIMPACTO AMBIENTAL
650 _aDESENVOLVIMENTO SUSTENTÁVEL
909 _a202309
_bLucia
_c55
_dLucia Elande
942 _cBK
999 _c70380
_d70380